000 00288nam a22001337a 4500
008 170908b xxu||||| |||| 00| 0 eng d
020 _a2900131497053
041 _aeng
080 _24TH
_a91
100 _a42
101 _aGJEO
245 _aHUMAN GEOGRAPHY
_cKNOX,P.L
942 _2udc
_cBK
999 _c26831
_d26831